| 000 | 00583nam a2200229Ia 4500 | ||
|---|---|---|---|
| 008 | 160803s9999 xx 000 0 und d | ||
| 020 | _a0 545649331 | ||
| 100 | _aGoldstone, Bruce | ||
| 245 | _aAwesome autumn / | ||
| 245 | _cBruce Goldstone. | ||
| 260 | _aNew York : | ||
| 260 | _bScholastic Inc. | ||
| 260 | _c2012 | ||
| 300 | _a1 volume (unpaged) : | ||
| 300 | _bcolor illustrations ; | ||
| 300 | _c29 cm | ||
| 500 | _a"All kinds of fall facts and fun"--Jacket. | ||
| 650 | _aAutumn -- | ||
| 650 | _aAutumn. | ||
| 650 | _xJuvenile literature. | ||
| 700 | _a690 | ||
| 999 |
_c299504 _d299504 |
||